| 000 | 01194nam a2200289 i 4500 | ||
|---|---|---|---|
| 001 | bg | ||
| 100 | 1 | _aDYNOWSKA, Maria | |
| 245 | 1 | 0 |
_aDrożdże i grzyby drożdżopodobne jako czynniki patogenne oraz bioindykatory ekosystemów wodnych : _brozprawa habilitacyjna / _cMaria Dynowska. |
| 260 |
_aOlsztyn : _bWSP. Wydaw., _c1995. |
||
| 300 |
_a82, [1] s., [1] k. tabl. złoż. : _bfot., 2 pl., wykr. ; _c24 cm. |
||
| 490 | 1 |
_aStudia i Materiały WSP [Wyższej Szkoły Pedagogicznej] w Olsztynie, _x0860-7273 ; _vnr 77 |
|
| 504 | _aBibliogr. s. 66-79. - Summ. | ||
| 650 | 9 |
_aDrożdże _xbiologia _xzagadnienia |
|
| 650 | 9 |
_aGrzybica _xgeneza _zPolska |
|
| 650 | 9 |
_aGrzyby chorobotwórcze _xbadanie |
|
| 650 | 9 |
_aWody śródlądowe _xhigiena i ochrona _zPolska |
|
| 650 | 9 |
_aWody śródlądowe _xhigiena _xkontrola _xmetody |
|
| 651 | 9 |
_aOlsztyn (okręg) _xhigiena i ochrona _xzagadnienia |
|
| 830 |
_aStudia i Materiały WSP [Wyższej Szkoły Pedagogicznej] w Olsztynie, _x0860-7273 ; |
||
| 020 | _a8385513531 | ||
| 040 | _cBPK | ||
| 041 | 0 |
_apl _ben |
|
| 080 | _a574.5(28):556.5:582.2/.3:616-002](438) | ||
| 920 | _a83-85513-53-1 | ||
| 942 | _cKS | ||
| 008 | s pl f |000 0 pol | ||
| 999 |
_c30830 _d30830 |
||
| 856 |
_uhttp://koha.tu.koszalin.pl/cgi-bin/koha/opac-detail.pl?biblionumber=30830 _yKatalog online BPK |
||